Voivodeships of Poland Quiz Stats

 Plays Quiz not verified by Sporcle

Challenge
Share
Tweet
Score 0/16 Timer 02:00
0 Plays Today
% Correct
Zachodniopomorskie
78.8%
Łódzkie
78.8%
Śląskie
78.8%
Mazowieckie
77.7%
Wielkopolskie
75.4%
Lubelskie
73.7%
Warmińsko-Mazurskie
71.5%
Pomorskie
70.9%
% Correct
Podkarpackie
70.4%
Opolskie
68.2%
Małopolskie
65.9%
Świętokrzyskie
64.8%
Podlaskie
64.2%
Dolnośląskie
64.2%
Kujawsko-Pomorskie
60.9%
Lubuskie
60.3%

You're not logged in!

Compare scores with friends on all Sporcle quizzes.
Join for Free
OR
Log In

You Might Also Like...

Show Comments

Extras

Top Quizzes Today


Score Distribution

Your Account Isn't Verified!

In order to create a playlist on Sporcle, you need to verify the email address you used during registration. Go to your Sporcle Settings to finish the process.

Report this User

Report this user for behavior that violates our Community Guidelines.

Details: